When I feel good about myself / (Record no. 114747)
[ view plain ]
| 000 -LEADER | |
|---|---|
| fixed length control field | 00659nam a2200157 a 4500 |
| 005 - DATE AND TIME OF LATEST TRANSACTION | |
| control field | 20140414132111.0 |
| 008 - FIXED-LENGTH DATA ELEMENTS--GENERAL INFORMATION | |
| fixed length control field | 110513s19uu xx 00 eng d |
| 050 ## - LIBRARY OF CONGRESS CALL NUMBER | |
| Classification number | TR |
| Item number | W56 2003 |
| 100 ## - MAIN ENTRY--PERSONAL NAME | |
| Personal name | Spelman, Cornelia. |
| 245 ## - TITLE STATEMENT | |
| Title | When I feel good about myself / |
| Statement of responsibility, etc | by Cornelia Maude Spelman ; illustrated by Kathy Parkinson. |
| 260 ## - PUBLICATION, DISTRIBUTION, ETC. (IMPRINT) | |
| Place of publication, distribution, etc | NEW YORK : |
| Name of publisher, distributor, etc | Scholastic , |
| Date of publication, distribution, etc | 2003. |
| 520 ## - SUMMARY, ETC. | |
| Summary, etc | A young guinea pig explains that self-confidence comes from learning new things without being afraid of making mistakes and to remember that everyone has different qualities that make them lovable. |
| 650 ## - SUBJECT ADDED ENTRY--TOPICAL TERM | |
| Topical term or geographic name as entry element | Self-confidence |
| 650 ## - SUBJECT ADDED ENTRY--TOPICAL TERM | |
| Topical term or geographic name as entry element | Individuality |
| Withdrawn status | Lost status | Damaged status | Use restrictions | Home library | Current library | Shelving location | Date acquired | Source of acquisition | Cost, normal purchase price | Total Checkouts | Full call number | Barcode | Date last seen | Price effective from | Koha item type |
|---|---|---|---|---|---|---|---|---|---|---|---|---|---|---|---|
| Munich Library | Munich Library | Teachers Reference Section | 05/13/2011 | 155.00 | TR W56 2003 | M6641 | 04/14/2014 | 04/14/2014 | Books |